000 00469nam a22001217a 4500
999 _c21553
_d21553
008 240912b ||||| |||| 00| 0 eng d
100 _aTiongson, Randel.
_eauthor.
_960821
245 _aHow to begin building your financial future /
_cRandel Tiongson.
260 _aPhilippines;
_bPublishers Association of the Philippines, Inc.,
_cJanuary 2020.
300 _aVolume 168, pages 287-288,
_billustration.
700 _aTiongson, Randel.
_eauthor.
_960821
942 _2ddc
_cPER